[Event "XX Weekend A"]
[Site "Ceriano Laghetto ITA"]
[Date "2011.04.01"]
[Round "1"]
[White "Berni, Fabrizio"]
[Black "Genocchio, Daniele"]
[Result "0-1"]
[WhiteElo "2168"]
[BlackElo "2433"]
[PlyCount "108"]
[EventDate "2011.04.01"]

1. e4 g6 2. d4 Bg7 3. Nc3 d6 4. Be3 a6 5. Qd2 b5 6. Bd3 Nd7 7. a4 b4 8. Nd1 a5
9. f3 Bb7 10. Ne2 e5 11. c3 bxc3 12. bxc3 Ngf6 13. O-O d5 14. Nf2 O-O 15. Rab1
dxe4 16. fxe4 exd4 17. cxd4 Nb6 18. Rfc1 Re8 19. Nc3 Qe7 20. Bg5 Qf8 21. Qf4
Nfd7 22. Qxc7 Bxd4 23. Qxb7 Reb8 24. Qc7 Rc8 25. Qf4 Rxc3 26. Rxc3 Bxc3 27. Ng4
f6 28. Bh6 Qa3 29. Bb5 Rc8 30. Rf1 g5 31. Qf2 Qc5 32. Qxc5 Rxc5 33. Rd1 Rc7 34.
h4 gxh4 35. Bf4 Ra7 36. Be3 Rc7 37. Bf4 Ra7 38. Be3 Rb7 39. Bf2 Kg7 40. Bxh4 h5
41. Ne3 Nc5 42. Nf5+ Kh7 43. Rd8 Nbxa4 44. Bc4 Nxe4 45. g3 Nac5 46. Bg8+ Kg6
47. Ne3 Rb1+ 48. Kg2 Rb2+ 49. Kg1 Rd2 50. Nd5 Bd4+ 51. Kh1 Nf2+ 52. Kg2 Ng4+
53. Kf1 Nh2+ 54. Ke1 Nf3+ 0-1

[Event "XX Weekend A"]
[Site "Ceriano Laghetto ITA"]
[Date "2011.04.01"]
[Round "1"]
[White "Formento, Paolo"]
[Black "Sbarra, Marco"]
[Result "0-1"]
[WhiteElo "2004"]
[BlackElo "2281"]
[PlyCount "156"]
[EventDate "2011.04.01"]

1. e4 e5 2. Nf3 Nc6 3. Bc4 Nf6 4. d4 exd4 5. e5 Ne4 6. O-O d5 7. Bb5 Bg4 8.
Qxd4 Bc5 9. Qa4 O-O 10. Bxc6 bxc6 11. Qxc6 Rb8 12. Nbd2 Rb6 13. Qa4 Bd7 14. Qa5
Rb5 15. Qa6 Qe8 16. a4 Rb4 17. b3 f6 18. Qd3 Qe6 19. Ba3 Rb6 20. Nxe4 dxe4 21.
Qxe4 Bc6 22. Qc4 Qxc4 23. bxc4 Bxa3 24. Rxa3 Bxf3 25. Rxf3 fxe5 26. Rc3 Rb4 27.
g3 Rxa4 28. Re1 Re8 29. f4 e4 30. Kf2 Ra6 31. Rd1 Rh6 32. h4 Re7 33. Re3 Ra6
34. Rc3 Kf7 35. Ke3 Rg6 36. Rg1 h5 37. Ra3 Rc6 38. Rc3 Ra6 39. g4 hxg4 40. Rxg4
Ra1 41. c5 Re1+ 42. Kf2 Rh1 43. Rcg3 Rh2+ 44. Ke3 Kf8 45. Rg2 Rh3+ 46. R2g3
Rxg3+ 47. Rxg3 Kf7 48. Rg1 Re6 49. Ra1 a6 50. f5 Rh6 51. Kxe4 Rxh4+ 52. Kd5 Rh6
53. Ke5 Rf6 54. c4 Rh6 55. Rb1 Ke7 56. Rg1 Kf7 57. Rd1 Ke7 58. Rb1 a5 59. Rg1
Kf7 60. Rd1 Ke7 61. Re1 Kf7 62. Kd5 Ra6 63. Ra1 a4 64. Ra3 Kf6 65. Ke4 Ra5 66.
Kd4 Kxf5 67. Rf3+ Kg6 68. Rg3+ Kf6 69. Rf3+ Ke7 70. Re3+ Kf8 71. Rf3+ Kg8 72.
Ra3 Ra6 73. c6 Kf7 74. Rf3+ Ke7 75. Re3+ Kd8 76. Ra3 g5 77. Ke4 Ke7 78. Kd4 Kf6
0-1

[Event "XX Weekend A"]
[Site "Ceriano Laghetto ITA"]
[Date "2011.04.01"]
[Round "1"]
[White "Gagliardi, Christian"]
[Black "Salvador, Roland"]
[Result "1/2-1/2"]
[WhiteElo "2212"]
[BlackElo "2532"]
[PlyCount "164"]
[EventDate "2011.04.01"]

1. e4 c6 2. d4 d5 3. Nc3 dxe4 4. Nxe4 Nf6 5. Nxf6+ exf6 6. c3 Bd6 7. Bd3 O-O 8.
Ne2 Qc7 9. h3 Re8 10. O-O Nd7 11. Be3 Nf8 12. Qc2 g6 13. Kh1 f5 14. Ng1 f4 15.
Bd2 c5 16. Rfe1 Be6 17. Nf3 c4 18. Bf1 Bd5 19. Rxe8 Rxe8 20. Re1 Rxe1 21. Nxe1
Ne6 22. Be2 Ng5 23. Nf3 Qe7 24. Qd1 Qe4 25. Kg1 b5 26. b3 h6 27. bxc4 bxc4 28.
h4 Nh7 29. Ne1 Qe7 30. Bf3 Be6 31. Qa4 g5 32. hxg5 hxg5 33. d5 Bf5 34. Qxc4 g4
35. Bd1 Nf6 36. Bc2 Bd7 37. Qd4 g3 38. Nd3 Nh5 39. fxg3 Nxg3 40. Bd1 Bf5 41.
Nf2 Qc7 42. Qa4 Qb6 43. Qb3 Qc5 44. Bf3 Nh1 45. Be1 Qe3 46. Qd1 Ng3 47. Bd2 Qc5
48. Qa4 Qc7 49. Qe8+ Kg7 50. Qc6 Qb8 51. Nd1 Bc7 52. c4 Be5 53. Qc5 Bc2 54. d6
Bxd6 55. Bc3+ Kf8 56. Qd4 Qb6 57. Qxb6 axb6 58. Bd4 Bc7 59. Nc3 Nf5 60. Bf2 Ne3
61. Bxe3 fxe3 62. Nd5 Bd6 63. Nxe3 Bc5 64. Kf2 Bb1 65. a4 Ba2 66. Ke2 Bxe3 67.
Kxe3 Bxc4 68. Kd4 Bb3 69. Bc6 Ke7 70. Kc3 Bd1 71. Kb4 Kd6 72. Be8 f5 73. Kb5
Kc7 74. a5 Be2+ 75. Kb4 bxa5+ 76. Kxa5 f4 77. Bg6 Bf1 78. Kb4 Kd6 79. Kc3 Ke5
80. Kd2 Bxg2 81. Ke1 Be4 82. Bh5 Bb1 1/2-1/2

[Event "XX Weekend A"]
[Site "Ceriano Laghetto ITA"]
[Date "2011.04.01"]
[Round "1"]
[White "Lapiccirella, Daniele"]
[Black "Radice, Luca"]
[Result "1/2-1/2"]
[WhiteElo "2255"]
[BlackElo "1997"]
[PlyCount "34"]
[EventDate "2011.04.01"]

1. d4 d5 2. c4 dxc4 3. Nf3 Nf6 4. e3 Bg4 5. Bxc4 e6 6. Nc3 c6 7. h3 Bxf3 8.
Qxf3 Be7 9. O-O O-O 10. Rd1 Nbd7 11. Bb3 Qa5 12. Bd2 Qh5 13. Qxh5 Nxh5 14. Ne4
Nhf6 15. Rac1 Bd8 16. Bc2 Bb6 17. g3 Rad8 1/2-1/2

[Event "XX Weekend A"]
[Site "Ceriano Laghetto ITA"]
[Date "2011.04.01"]
[Round "1"]
[White "Mrdja, Milan"]
[Black "Tramalloni, Luca"]
[Result "1-0"]
[WhiteElo "2404"]
[BlackElo "2144"]
[PlyCount "65"]
[EventDate "2011.04.01"]

1. e4 e6 2. Qe2 c5 3. Nf3 Nc6 4. g3 g6 5. Bg2 Bg7 6. O-O d6 7. c3 Nge7 8. Na3
O-O 9. Nc2 b6 10. d4 cxd4 11. Nfxd4 Nxd4 12. Nxd4 Bb7 13. Rd1 a6 14. Nc2 Qc7
15. Bf4 Rfd8 16. a4 Rac8 17. Nb4 a5 18. Nc2 e5 19. Bg5 f6 20. Be3 d5 21. exd5
Bxd5 22. Qb5 Bxg2 23. Kxg2 Qb7+ 24. f3 Nd5 25. Bf2 e4 26. fxe4 Nf4+ 27. Kf3 f5
28. Rxd8+ Rxd8 29. Qc4+ Kh8 30. gxf4 Re8 31. Re1 h6 32. Kg3 fxe4 33. Bd4 1-0

[Event "XX Weekend A"]
[Site "Ceriano Laghetto ITA"]
[Date "2011.04.01"]
[Round "1"]
[White "Pace, Pietro Dario"]
[Black "Stella, Luca"]
[Result "0-1"]
[WhiteElo "2300"]
[BlackElo "2064"]
[PlyCount "72"]
[EventDate "2011.04.01"]

1. d4 Nf6 2. Nf3 g6 3. g3 Bg7 4. Bg2 O-O 5. O-O d6 6. Re1 c5 7. c4 Nc6 8. d5
Na5 9. Qd3 a6 10. Nc3 Rb8 11. Nd2 b5 12. h3 Nd7 13. f4 bxc4 14. Nxc4 Nxc4 15.
Qxc4 Rb4 16. Qd3 c4 17. Qc2 Qb6+ 18. Kh2 Nc5 19. Nd1 Bd7 20. Bd2 Ba4 21. Qc1
Bxb2 22. Nxb2 Rxb2 23. Bc3 Rc2 24. Qe3 Qc7 25. Bd4 Rb8 26. f5 Bb5 27. Qh6 e5
28. f6 Ne6 29. dxe6 fxe6 30. Be4 exd4 31. Bxc2 d3 32. exd3 cxd3 33. Bb3 Bc4 34.
Bxc4 Rb2+ 35. Kg1 d5 36. Bxd3 Qxg3+ 0-1

[Event "XX Weekend A"]
[Site "Ceriano Laghetto ITA"]
[Date "2011.04.01"]
[Round "1"]
[White "Petkov, Vladimir"]
[Black "Rambaldi, Francesco"]
[Result "1-0"]
[WhiteElo "2493"]
[BlackElo "2172"]
[PlyCount "87"]
[EventDate "2011.04.01"]

1. Nf3 d6 2. d4 g6 3. e4 Nf6 4. Bd3 Bg7 5. h3 O-O 6. O-O c5 7. c3 Nc6 8. Re1
Nd7 9. Be3 e5 10. dxe5 Ndxe5 11. Nxe5 Nxe5 12. Na3 Be6 13. Bf1 Qd7 14. f4 Nc6
15. Qf3 Rad8 16. Rad1 Qc8 17. Nc4 Qc7 18. Bf2 Ne7 19. Bh4 f6 20. f5 Bf7 21. Bg3
Nc8 22. Ne3 Nb6 23. b3 Qc6 24. c4 Rfe8 25. fxg6 hxg6 26. Ng4 f5 27. Nf2 Bd4 28.
Kh1 Bxf2 29. Qxf2 fxe4 30. Bh4 Rc8 31. Bf6 Nd7 32. Bc3 Ne5 33. Qh4 Re6 34. Rxe4
Rce8 35. Rf4 Kg7 36. Bd3 Qd7 37. Rdf1 Rf8 38. Be4 Qe7 39. Qg3 Qe8 40. Bd5 Re7
41. Qg5 Re6 42. Bxe6 Qxe6 43. Rf6 Qd7 44. Rxd6 1-0

[Event "XX Weekend A"]
[Site "Ceriano Laghetto ITA"]
[Date "2011.04.01"]
[Round "1"]
[White "Quaranta, Cristiano"]
[Black "Damia, Angelo"]
[Result "1/2-1/2"]
[WhiteElo "2130"]
[BlackElo "2334"]
[PlyCount "47"]
[EventDate "2011.04.01"]

1. d4 Nf6 2. c4 e6 3. g3 Bb4+ 4. Bd2 Qe7 5. Bg2 Nc6 6. Nf3 O-O 7. O-O Bxd2 8.
Qxd2 b6 9. Ne5 Bb7 10. Nxc6 Bxc6 11. d5 exd5 12. cxd5 Bb5 13. Nc3 Qb4 14. a3
Qb3 15. Nxb5 Qxb5 16. Rac1 Rfe8 17. e3 Rac8 18. Rfd1 c5 19. dxc6 dxc6 20. a4
Qxa4 21. Ra1 Qb3 22. Rxa7 h6 23. Ra3 Qb5 24. Rc3 1/2-1/2

[Event "XX Weekend A"]
[Site "Ceriano Laghetto ITA"]
[Date "2011.04.02"]
[Round "2"]
[White "Damia, Angelo"]
[Black "Gagliardi, Christian"]
[Result "0-1"]
[WhiteElo "2334"]
[BlackElo "2212"]
[PlyCount "50"]
[EventDate "2011.04.01"]

1. e4 c5 2. d4 cxd4 3. c3 dxc3 4. Nxc3 Nc6 5. Nf3 d6 6. Bc4 e6 7. O-O Nf6 8.
Qe2 Be7 9. Rd1 Qc7 10. Bf4 e5 11. Ng5 exf4 12. Nxf7 O-O 13. Nxd6+ Kh8 14. Nf7+
Rxf7 15. Bxf7 Ne5 16. Nd5 Nxd5 17. Bxd5 f3 18. Qb5 Bd7 19. Qxb7 Qxb7 20. Bxb7
Rb8 21. Bd5 fxg2 22. Kxg2 Rb6 23. a3 Rg6+ 24. Kh1 Bg4 25. h3 Bf3+ 0-1

[Event "XX Weekend A"]
[Site "Ceriano Laghetto ITA"]
[Date "2011.04.02"]
[Round "2"]
[White "Radice, Luca"]
[Black "Pace, Pietro Dario"]
[Result "0-1"]
[WhiteElo "1997"]
[BlackElo "2300"]
[PlyCount "40"]
[EventDate "2011.04.01"]

1. d4 Nf6 2. c4 g6 3. Nc3 d5 4. cxd5 Nxd5 5. Bd2 Bg7 6. e4 Nb6 7. Be3 O-O 8. h3
Nc6 9. Nf3 e5 10. dxe5 Nxe5 11. Nxe5 Bxe5 12. Qc2 Be6 13. Be2 Nc4 14. Bh6 Re8
15. Rd1 Qh4 16. Bc1 c6 17. b3 Nb6 18. O-O Bxh3 19. f4 Bg7 20. Bd3 Bd4+ 0-1

[Event "XX Weekend A"]
[Site "Ceriano Laghetto ITA"]
[Date "2011.04.02"]
[Round "2"]
[White "Rambaldi, Francesco"]
[Black "Formento, Paolo"]
[Result "1-0"]
[WhiteElo "2172"]
[BlackElo "2004"]
[PlyCount "83"]
[EventDate "2011.04.01"]

1. c4 Nf6 2. Nc3 e5 3. Nf3 d6 4. g3 Be7 5. Bg2 O-O 6. O-O Nbd7 7. d4 c6 8. d5
cxd5 9. cxd5 Ne8 10. e4 Nb6 11. a4 Bd7 12. Qb3 Qc7 13. a5 Nc4 14. Qa2 Bd8 15.
a6 b5 16. b3 Nb6 17. Bd2 b4 18. Ne2 Qc5 19. Rfc1 Qb5 20. Be3 Nf6 21. Bf1 Nxe4
22. Nf4 exf4 23. Bxb5 fxe3 24. Bxd7 exf2+ 25. Kg2 Nxd7 26. Qe2 Ndc5 27. Rc4 Bf6
28. Rf1 Rfe8 29. Qc2 Bc3 30. h4 f6 31. Rd4 Bxd4 32. Nxd4 Rac8 33. Nc6 g5 34.
hxg5 fxg5 35. Nxa7 Rc7 36. Nb5 Rf7 37. Nxd6 Nxd6 38. Qxc5 Ne4 39. Qe3 g4 40. a7
Rfe7 41. Rxf2 Nxf2 42. Qxe7 1-0

[Event "XX Weekend A"]
[Site "Ceriano Laghetto ITA"]
[Date "2011.04.02"]
[Round "2"]
[White "Salvador, Roland"]
[Black "Quaranta, Cristiano"]
[Result "1-0"]
[WhiteElo "2532"]
[BlackElo "2130"]
[PlyCount "54"]
[EventDate "2011.04.01"]

1. d4 d5 2. Nf3 e6 3. c4 c6 4. e3 Nf6 5. Nc3 Nbd7 6. Qc2 b6 7. b3 Bb7 8. Be2
Bd6 9. O-O O-O 10. Bb2 Rc8 11. e4 dxe4 12. Nxe4 Nxe4 13. Qxe4 Qe7 14. Rad1 Nf6
15. Qc2 c5 16. d5 exd5 17. cxd5 Nxd5 18. Bc4 Nf4 19. Rfe1 Ne6 20. Rxd6 Qxd6 21.
Rxe6 fxe6 22. Ng5 Be4 23. Qxe4 Qd1+ 24. Bf1 Qh5 25. Nxe6 Rf7 26. Nxg7 Qd1 27.
Nf5 Ra8 1-0

[Event "XX Weekend A"]
[Site "Ceriano Laghetto ITA"]
[Date "2011.04.02"]
[Round "2"]
[White "Sbarra, Marco"]
[Black "Petkov, Vladimir"]
[Result "0-1"]
[WhiteElo "2281"]
[BlackElo "2493"]
[PlyCount "100"]
[EventDate "2011.04.01"]

1. d4 Nf6 2. c4 e6 3. Nc3 Bb4 4. Qc2 O-O 5. a3 Bxc3+ 6. Qxc3 b6 7. Bg5 Bb7 8.
e3 d6 9. Ne2 Nbd7 10. Qd3 a5 11. Nc3 a4 12. e4 e5 13. Be2 h6 14. Be3 exd4 15.
Bxd4 Nc5 16. Bxc5 bxc5 17. O-O Re8 18. Bf3 Nd7 19. Bd1 Ne5 20. Qg3 Bc6 21. Be2
Rb8 22. Rab1 Qf6 23. Rfe1 Ng6 24. Bd3 Re5 25. Qe3 Nf4 26. Bf1 Ne6 27. Qd2 Nd4
28. Bd3 Rg5 29. Kf1 Bd7 30. Qe3 Rb3 31. Red1 Re5 32. Kg1 Qh4 33. Qg3 Qh5 34. f4
Re8 35. Nd5 Kh8 36. Qf2 Reb8 37. Rd2 Bc6 38. Nc3 Qg4 39. Re1 Qc8 40. e5 Qb7 41.
Nd1 Bxg2 42. Qxg2 Nf3+ 43. Kf1 Nxd2+ 44. Qxd2 Qh1+ 45. Ke2 Qxh2+ 46. Nf2 Rxb2
47. Bc2 dxe5 48. Qd3 Rxc2+ 49. Qxc2 Qxf4 50. Kf1 f5 0-1

[Event "XX Weekend A"]
[Site "Ceriano Laghetto ITA"]
[Date "2011.04.02"]
[Round "2"]
[White "Stella, Luca"]
[Black "Lapiccirella, Daniele"]
[Result "1/2-1/2"]
[WhiteElo "2064"]
[BlackElo "2255"]
[PlyCount "44"]
[EventDate "2011.04.01"]

1. e4 c5 2. Nf3 e6 3. d3 d5 4. Nbd2 Nf6 5. g3 Nc6 6. Bg2 g6 7. O-O Bg7 8. c3
O-O 9. Re1 Kh8 10. Qc2 b6 11. Nf1 e5 12. Ne3 Be6 13. Ng5 d4 14. Nxe6 fxe6 15.
Nc4 Nd7 16. Qe2 Qe7 17. Rf1 b5 18. Nd2 Nb6 19. c4 a6 20. b3 Nd7 21. Nf3 Rae8
22. h4 h6 1/2-1/2

[Event "XX Weekend A"]
[Site "Ceriano Laghetto ITA"]
[Date "2011.04.02"]
[Round "2"]
[White "Tramalloni, Luca"]
[Black "Berni, Fabrizio"]
[Result "1-0"]
[WhiteElo "2144"]
[BlackElo "2168"]
[PlyCount "80"]
[EventDate "2011.04.01"]

1. d4 Nf6 2. c4 e6 3. g3 d5 4. Bg2 Be7 5. Nf3 O-O 6. O-O c6 7. Nbd2 b6 8. Qc2
Bb7 9. e4 Nbd7 10. e5 Ne8 11. cxd5 cxd5 12. Re1 Rc8 13. Qa4 Bc6 14. Qb3 Nc7 15.
Nf1 a5 16. h4 Na6 17. Bg5 a4 18. Qd1 Bb5 19. a3 Ndb8 20. Ne3 Nc6 21. Bxe7 Qxe7
22. Ng5 h6 23. Nh3 Rfd8 24. Qg4 Nc7 25. Rad1 Na5 26. Nf4 Nc4 27. Nxc4 Bxc4 28.
Rf1 Bxf1 29. Bxf1 Kh8 30. Bd3 Rg8 31. Qh5 Qe8 32. g4 Na8 33. Kh2 Rc7 34. Rg1
Rf8 35. g5 f5 36. Ng6+ Kg8 37. gxh6 gxh6 38. Nxf8+ Kxf8 39. Qxh6+ Ke7 40. Qg5+
Kd7 1-0

[Event "XX Weekend A"]
[Site "Ceriano Laghetto ITA"]
[Date "2011.04.02"]
[Round "3"]
[White "Formento, Paolo"]
[Black "Berni, Fabrizio"]
[Result "1-0"]
[WhiteElo "2004"]
[BlackElo "2168"]
[PlyCount "141"]
[EventDate "2011.04.01"]

1. e4 c5 2. Nf3 e6 3. d4 cxd4 4. Nxd4 a6 5. Bd3 Nf6 6. O-O Qc7 7. Be3 Nc6 8.
Nc3 b5 9. h3 Bb7 10. Rb1 Be7 11. a3 O-O 12. Nxc6 Qxc6 13. f3 d6 14. Qe2 Rac8
15. Qf2 Qc7 16. Bb6 Qb8 17. Ba7 Qc7 18. Bd4 e5 19. Bb6 Qb8 20. Ba7 Qc7 21. Bb6
Qd7 22. Rbd1 Qe6 23. Be3 d5 24. exd5 Nxd5 25. Nxd5 Bxd5 26. Qe2 Bc4 27. Bxc4
Rxc4 28. c3 Bf6 29. Qd3 Rfc8 30. Qd7 Qxd7 31. Rxd7 R8c7 32. Rfd1 Rxd7 33. Rxd7
Rc6 34. Kf1 Kf8 35. Ke2 Be7 36. Rb7 f6 37. g4 Kf7 38. h4 Ke6 39. h5 g6 40. Rb8
Kf7 41. Rh8 Kg7 42. Rb8 gxh5 43. gxh5 f5 44. h6+ Kg6 45. Rg8+ Kh5 46. Rg7 Bf8
47. Rf7 Bxh6 48. Rxf5+ Kg6 49. Rxe5 Bxe3 50. Kxe3 h5 51. f4 Rf6 52. Rg5+ Kh6
53. Rg2 Kh7 54. Ke4 h4 55. Rh2 Rh6 56. Kf5 Kg7 57. Kg5 Rg6+ 58. Kxh4 Kf6 59.
Kh3 Kf5 60. Rg2 Re6 61. Kg3 Re3+ 62. Kf2 Re4 63. Rh2 Rxf4+ 64. Ke3 Ra4 65. Rh6
Ke5 66. Kd3 Kd5 67. Kc2 a5 68. Ra6 Kc5 69. Kb3 Kd5 70. Ka2 Ke5 71. Kb1 1-0

[Event "XX Weekend A"]
[Site "Ceriano Laghetto ITA"]
[Date "2011.04.02"]
[Round "3"]
[White "Gagliardi, Christian"]
[Black "Genocchio, Daniele"]
[Result "1-0"]
[WhiteElo "2212"]
[BlackElo "2433"]
[PlyCount "71"]
[EventDate "2011.04.01"]

1. e4 e6 2. d4 d5 3. Nc3 Nc6 4. Nf3 Nf6 5. e5 Ne4 6. Bd3 Bb4 7. Bd2 Nxd2 8.
Qxd2 Bd7 9. a3 Ba5 10. O-O Qe7 11. Rfe1 O-O-O 12. b4 Bb6 13. Bb5 a6 14. Bxc6
Bxc6 15. Reb1 g5 16. a4 g4 17. Ne1 a5 18. Na2 axb4 19. Nxb4 Ba5 20. Nxc6 Bxd2
21. Nxe7+ Kd7 22. Rxb7 Rb8 23. Rb3 Kxe7 24. Nd3 Rxb3 25. cxb3 Rb8 26. b4 Bc3
27. Rc1 Bxd4 28. Rxc7+ Kf8 29. Kf1 f6 30. exf6 Bxf6 31. a5 Bd4 32. a6 Ra8 33.
b5 Ke8 34. Rxh7 Rc8 35. a7 Kd8 36. Rb7 1-0

[Event "XX Weekend A"]
[Site "Ceriano Laghetto ITA"]
[Date "2011.04.02"]
[Round "3"]
[White "Lapiccirella, Daniele"]
[Black "Damia, Angelo"]
[Result "1/2-1/2"]
[WhiteElo "2255"]
[BlackElo "2334"]
[PlyCount "108"]
[EventDate "2011.04.01"]

1. d4 Nf6 2. c4 e6 3. Nc3 Bb4 4. Bd2 Nc6 5. Nf3 Bxc3 6. Bxc3 Ne4 7. Qc2 Nxc3 8.
Qxc3 O-O 9. g3 Qe7 10. Bg2 a5 11. O-O d6 12. b3 e5 13. d5 Nb8 14. a3 Bg4 15. b4
Nd7 16. Rfe1 Bxf3 17. exf3 b6 18. f4 Qf6 19. fxe5 Nxe5 20. f4 Nd7 21. Qxf6 Nxf6
22. Re7 Rfc8 23. Rae1 axb4 24. axb4 Re8 25. Rxe8+ Nxe8 26. c5 Kf8 27. cxb6 cxb6
28. Rc1 Ra4 29. b5 Ra7 30. Rc6 Rb7 31. Bh3 Ke7 32. Bc8 Rc7 33. Bf5 g6 34. Bd3
Rb7 35. Be2 Kd7 36. Kf2 Nf6 37. Bf3 Ng8 38. g4 f6 39. h4 Ne7 40. h5 Rb8 41.
hxg6 hxg6 42. Rc1 Ra8 43. Rh1 Ra2+ 44. Kg3 Ra3 45. Rh7 Rb3 46. Kf2 Rxb5 47. f5
Rb2+ 48. Ke1 gxf5 49. gxf5 Rb1+ 50. Kf2 Rb2+ 51. Ke3 Rb3+ 52. Kf2 Rb2+ 53. Ke3
Rb3+ 54. Kf2 Rb2+ 1/2-1/2

[Event "XX Weekend A"]
[Site "Ceriano Laghetto ITA"]
[Date "2011.04.02"]
[Round "3"]
[White "Mrdja, Milan"]
[Black "Stella, Luca"]
[Result "1-0"]
[WhiteElo "2404"]
[BlackElo "2064"]
[PlyCount "71"]
[EventDate "2011.04.01"]

1. e4 c5 2. Nf3 d6 3. d4 cxd4 4. Qxd4 a6 5. Be2 Nc6 6. Qe3 Nf6 7. O-O e6 8. c4
Be7 9. Nc3 O-O 10. h3 Rb8 11. Rd1 Qc7 12. b3 Rd8 13. Bb2 Bd7 14. Rac1 Ne5 15.
Nd4 Ng6 16. a3 Qb6 17. b4 Rbc8 18. g3 Rc7 19. Nf5 Qxe3 20. Nxe3 Bc6 21. f3 Rdc8
22. Kf2 h5 23. h4 Kh7 24. a4 Be8 25. b5 Nd7 26. f4 Kh6 27. Rc2 Nc5 28. Bf3 Nf8
29. Rcd2 Nfd7 30. Ncd5 exd5 31. Nf5+ Kh7 32. Nxe7 dxe4 33. Nxc8 Rxc8 34. Be2
Nxa4 35. Ba1 axb5 36. cxb5 1-0

[Event "XX Weekend A"]
[Site "Ceriano Laghetto ITA"]
[Date "2011.04.02"]
[Round "3"]
[White "Pace, Pietro Dario"]
[Black "Rambaldi, Francesco"]
[Result "1-0"]
[WhiteElo "2300"]
[BlackElo "2172"]
[PlyCount "81"]
[EventDate "2011.04.01"]

1. d4 d6 2. e4 Nf6 3. Nc3 g6 4. Bg5 h6 5. Bh4 Bg7 6. f4 O-O 7. Bd3 c5 8. dxc5
dxc5 9. e5 Nd5 10. Nxd5 Qxd5 11. Qe2 Nc6 12. Be4 Qd8 13. Nf3 Bg4 14. c3 Qc7 15.
O-O Rad8 16. Qb5 Bxf3 17. Bxf3 Rd2 18. Rf2 Rxf2 19. Bxf2 Qb6 20. a4 Na5 21.
Qxb6 axb6 22. b4 Nc6 23. bxc5 bxc5 24. Bxc6 bxc6 25. Bxc5 Ra8 26. Bxe7 g5 27.
g3 gxf4 28. gxf4 Kh7 29. Kf2 Re8 30. Bc5 f6 31. exf6 Bxf6 32. Bd4 Bd8 33. a5
Bc7 34. Be5 Bd8 35. Kf3 Kg6 36. Ke4 Kf7 37. Kf5 Be7 38. a6 Ra8 39. a7 Bd8 40.
Bd4 Ke8 41. Ke6 1-0

[Event "XX Weekend A"]
[Site "Ceriano Laghetto ITA"]
[Date "2011.04.02"]
[Round "3"]
[White "Petkov, Vladimir"]
[Black "Salvador, Roland"]
[Result "1-0"]
[WhiteElo "2493"]
[BlackElo "2532"]
[PlyCount "55"]
[EventDate "2011.04.01"]

1. Nf3 Nf6 2. c4 e6 3. Nc3 Bb4 4. Qc2 c5 5. g3 d5 6. Bg2 Nc6 7. a3 Ba5 8. Na4
Nd4 9. Nxd4 cxd4 10. b4 Bc7 11. Bb2 e5 12. cxd5 Nxd5 13. O-O Nb6 14. Nc5 Rb8
15. Rac1 Bd6 16. e3 dxe3 17. dxe3 O-O 18. Rfd1 Qe7 19. Qe4 g6 20. Rxd6 Qxd6 21.
Bxe5 Qd2 22. Nb3 Qa2 23. Bxb8 Qxb3 24. Bd6 Qxb4 25. axb4 Bf5 26. Rf1 Nd7 27.
Qe7 Bh3 28. Bxb7 1-0

[Event "XX Weekend A"]
[Site "Ceriano Laghetto ITA"]
[Date "2011.04.02"]
[Round "3"]
[White "Tramalloni, Luca"]
[Black "Sbarra, Marco"]
[Result "1/2-1/2"]
[WhiteElo "2144"]
[BlackElo "2281"]
[PlyCount "124"]
[EventDate "2011.04.01"]

1. d4 Nf6 2. c4 e6 3. g3 d5 4. Bg2 c5 5. cxd5 exd5 6. Nf3 Nc6 7. Nc3 Be7 8. O-O
O-O 9. Bg5 cxd4 10. Nxd4 h6 11. Be3 Bg4 12. Nxc6 bxc6 13. Rc1 Qd7 14. Na4 Rfe8
15. Re1 Rac8 16. Bc5 Bd8 17. a3 Bh3 18. Bf3 Ne4 19. Bd4 Ng5 20. Bh1 Bg4 21. Nc5
Qe7 22. Qd2 Bb6 23. b4 Qd6 24. Qc2 Re7 25. h4 Ne6 26. Nxe6 Qxe6 27. Bc5 Ree8
28. e3 Bf5 29. Qd2 Be4 30. Bg2 Bxg2 31. Kxg2 Qe4+ 32. Kg1 Re6 33. Qd4 Qxd4 34.
Bxd4 Kf8 35. Kf1 g5 36. hxg5 hxg5 37. Kg2 Ke7 38. Bc5+ Kf6 39. Red1 Kg6 40. g4
Re4 41. Kf3 Re6 42. Rc2 Rb8 43. Rdc1 Rb7 44. Bxb6 Rxb6 45. Rd1 Kf6 46. Rd4 Ke5
47. Rc5 Rh6 48. a4 a6 49. a5 Rb5 50. Rc1 c5 51. Rxc5 Rxc5 52. bxc5 Rc6 53. Ra4
Rxc5 54. Ke2 Rc2+ 55. Kf3 f6 56. Kg3 Kd6 57. Rb4 Rc5 58. Rb6+ Rc6 59. Rb8 Ke5
60. Re8+ Kd6 61. f4 Rc3 62. Kf3 gxf4 1/2-1/2

[Event "XX Weekend A"]
[Site "Ceriano Laghetto ITA"]
[Date "2011.04.03"]
[Round "4"]
[White "Genocchio, Daniele"]
[Black "Tramalloni, Luca"]
[Result "1-0"]
[WhiteElo "2433"]
[BlackElo "2144"]
[PlyCount "47"]
[EventDate "2011.04.01"]

1. e4 e6 2. d4 d5 3. Nd2 Nf6 4. e5 Nfd7 5. c3 c5 6. f4 Nc6 7. Ndf3 Qb6 8. g3
Be7 9. Bh3 O-O 10. Kf1 cxd4 11. cxd4 Kh8 12. Kg2 f6 13. Ne2 fxe5 14. fxe5 Ndb8
15. Bg4 Nd8 16. h4 Bd7 17. h5 Nf7 18. Nh4 Bxh4 19. Rxh4 Nc6 20. b3 Nfxe5 21.
dxe5 Qf2+ 22. Kh3 Nxe5 23. h6 Nxg4 24. hxg7+ 1-0

[Event "XX Weekend A"]
[Site "Ceriano Laghetto ITA"]
[Date "2011.04.03"]
[Round "4"]
[White "Mrdja, Milan"]
[Black "Petkov, Vladimir"]
[Result "1/2-1/2"]
[WhiteElo "2404"]
[BlackElo "2493"]
[PlyCount "22"]
[EventDate "2011.04.01"]

1. Nf3 Nf6 2. g3 d5 3. Bg2 c6 4. O-O Bf5 5. d3 h6 6. Nbd2 e6 7. Qe1 Be7 8. e4
Bh7 9. Qe2 O-O 10. b3 c5 11. Re1 Nc6 1/2-1/2

[Event "XX Weekend A"]
[Site "Ceriano Laghetto ITA"]
[Date "2011.04.03"]
[Round "4"]
[White "Pace, Pietro Dario"]
[Black "Gagliardi, Christian"]
[Result "1/2-1/2"]
[WhiteElo "2300"]
[BlackElo "2212"]
[PlyCount "25"]
[EventDate "2011.04.01"]

1. e4 c5 2. Nf3 Nc6 3. d4 cxd4 4. Nxd4 e6 5. Nb5 d6 6. c4 Nf6 7. N5c3 Be7 8.
Be2 O-O 9. O-O b6 10. a3 Bb7 11. Be3 Rc8 12. Nd2 d5 13. Ncb1 1/2-1/2

[Event "XX Weekend A"]
[Site "Ceriano Laghetto ITA"]
[Date "2011.04.03"]
[Round "4"]
[White "Radice, Luca"]
[Black "Formento, Paolo"]
[Result "1-0"]
[WhiteElo "1997"]
[BlackElo "2004"]
[PlyCount "75"]
[EventDate "2011.04.01"]

1. d4 Nf6 2. c4 c5 3. d5 b5 4. Qc2 Bb7 5. e4 bxc4 6. Bxc4 e6 7. Nc3 exd5 8.
exd5 d6 9. Nf3 Be7 10. O-O O-O 11. h3 Nbd7 12. Rd1 Nb6 13. b3 Nfd7 14. Ne4 Nf6
15. Nfg5 g6 16. Bb2 Nfxd5 17. h4 Nf6 18. Rxd6 Qc7 19. Rxf6 Nxc4 20. bxc4 Rad8
21. Rf3 h6 22. Rh3 Bc8 23. Rh1 f6 24. Nf3 Bf5 25. Qe2 Qb7 26. Ng3 Bd3 27. Qe6+
Kg7 28. Bc3 Rd6 29. Qe3 Bxc4 30. Re1 Rf7 31. Ba1 Bd8 32. Qc1 Bxa2 33. h5 c4 34.
Qc2 Rd3 35. Qxa2 Qd5 36. hxg6 Rb7 37. Nh5+ Kg8 38. Re8# 1-0

[Event "XX Weekend A"]
[Site "Ceriano Laghetto ITA"]
[Date "2011.04.03"]
[Round "4"]
[White "Rambaldi, Francesco"]
[Black "Quaranta, Cristiano"]
[Result "1/2-1/2"]
[WhiteElo "2172"]
[BlackElo "2130"]
[PlyCount "66"]
[EventDate "2011.04.01"]

1. e4 c5 2. Nf3 d6 3. d4 cxd4 4. Nxd4 Nf6 5. Nc3 a6 6. Be2 e5 7. Nb3 Be7 8. Bg5
O-O 9. Bxf6 Bxf6 10. Qd3 Be6 11. O-O-O Be7 12. Kb1 Nc6 13. Nd5 Bxd5 14. exd5
Nb8 15. g3 Nd7 16. f4 Rc8 17. Bg4 exf4 18. gxf4 Nc5 19. Qh3 Rc7 20. Nd4 Bf6 21.
c3 Na4 22. Bf5 g6 23. Bc2 Nb6 24. f5 Bxd4 25. Rxd4 Rc4 26. Qg4 Rxd4 27. Qxd4
Nd7 28. h4 Qf6 29. Qg4 Ne5 30. Qg3 b5 31. Qh3 b4 32. Rf1 Nc4 33. Qd3 Re8
1/2-1/2

[Event "XX Weekend A"]
[Site "Ceriano Laghetto ITA"]
[Date "2011.04.03"]
[Round "4"]
[White "Sbarra, Marco"]
[Black "Stella, Luca"]
[Result "1/2-1/2"]
[WhiteElo "2281"]
[BlackElo "2064"]
[PlyCount "46"]
[EventDate "2011.04.01"]

1. d4 Nf6 2. c4 g6 3. Nc3 d5 4. Bf4 Bg7 5. Rc1 O-O 6. e3 c6 7. Nf3 Be6 8. Ng5
Bf5 9. Be2 h6 10. Nf3 Nbd7 11. cxd5 cxd5 12. O-O a6 13. Qb3 Qb6 14. Qa3 Rfc8
15. Ne5 Bf8 16. h3 e6 17. Qb3 Qxb3 18. axb3 g5 19. Bh2 Nxe5 20. Bxe5 Nd7 21.
Bg3 Rc6 22. f3 Rac8 23. Be1 b5 1/2-1/2